An introduction to wavelets and other filtering methods in finance and economics / (Record no. 8987)

MARC details
000 -LEADER
fixed length control field 01307cam a22003374a 4500
001 - CONTROL NUMBER
control field 12487920
003 - CONTROL NUMBER IDENTIFIER
control field OSt
005 - DATE AND TIME OF LATEST TRANSACTION
control field 20240627112559.0
008 - FIXED-LENGTH DATA ELEMENTS--GENERAL INFORMATION
fixed length control field 010730s2002 caua b 001 0 eng
010 ## - LIBRARY OF CONGRESS CONTROL NUMBER
LC control number 2001094298
020 ## - INTERNATIONAL STANDARD BOOK NUMBER
International Standard Book Number 0122796705 (alk. paper)
040 ## - CATALOGING SOURCE
Transcribing agency MUST
042 ## - AUTHENTICATION CODE
Authentication code pcc
082 00 - DEWEY DECIMAL CLASSIFICATION NUMBER
Classification number 330
Edition number 22
100 1# - MAIN ENTRY--PERSONAL NAME
Personal name Gençay, Ramazan.
9 (RLIN) 18234
245 13 - TITLE STATEMENT
Title An introduction to wavelets and other filtering methods in finance and economics /
Statement of responsibility, etc. Ramazan Gençay, Faruk Selçuk, Brandon Whitcher.
260 ## - PUBLICATION, DISTRIBUTION, ETC. (IMPRINT)
Place of publication, distribution, etc. San Diego, Calif. :
Name of publisher, distributor, etc. Academic Press,
Date of publication, distribution, etc. c2002.
300 ## - PHYSICAL DESCRIPTION
Extent xxii, 359 p. :
Other physical details ill. ;
Dimensions 24 cm.
504 ## - BIBLIOGRAPHY, ETC. NOTE
Bibliography, etc Includes bibliographical references and index.
650 #0 - SUBJECT ADDED ENTRY--TOPICAL TERM
Topical term or geographic name as entry element Finance
General subdivision Mathematical models.
9 (RLIN) 12241
650 #0 - SUBJECT ADDED ENTRY--TOPICAL TERM
Topical term or geographic name as entry element Economics
General subdivision Mathematical models.
9 (RLIN) 18235
650 #0 - SUBJECT ADDED ENTRY--TOPICAL TERM
Topical term or geographic name as entry element Wavelets (Mathematics)
9 (RLIN) 15565
650 #0 - SUBJECT ADDED ENTRY--TOPICAL TERM
Topical term or geographic name as entry element Econometrics.
9 (RLIN) 14148
700 1# - ADDED ENTRY--PERSONAL NAME
Personal name Selçuk, Faruk.
9 (RLIN) 18236
700 1# - ADDED ENTRY--PERSONAL NAME
Personal name Whitcher, Brandon.
9 (RLIN) 18237
856 42 - ELECTRONIC LOCATION AND ACCESS
Materials specified Publisher description
Uniform Resource Identifier http://www.loc.gov/catdir/description/els031/2001094298.html
856 41 - ELECTRONIC LOCATION AND ACCESS
Materials specified Table of contents
Uniform Resource Identifier http://www.loc.gov/catdir/toc/els031/2001094298.html
906 ## - LOCAL DATA ELEMENT F, LDF (RLIN)
a 7
b cbc
c orignew
d 2
e epcn
f 20
g y-gencatlg
942 ## - ADDED ENTRY ELEMENTS (KOHA)
Source of classification or shelving scheme Dewey Decimal Classification
Koha item type Open Shelf
Holdings
Withdrawn status Lost status Source of classification or shelving scheme Damaged status Not for loan Home library Current library Date acquired Source of acquisition Inventory number Total Checkouts Full call number Barcode Date last seen Price effective from Koha item type
    Dewey Decimal Classification     MUST Main Library MUST Main Library 27/06/2024 Purchase 05/24833   330 GEN 2002 2024-21542 27/06/2024 27/06/2024 Open Shelf